<?xml version="1.0" encoding="UTF-8"?>
<record
    xmlns:xsi="http://www.w3.org/2001/XMLSchema-instance"
    xsi:schemaLocation="http://www.loc.gov/MARC21/slim http://www.loc.gov/standards/marcxml/schema/MARC21slim.xsd"
    xmlns="http://www.loc.gov/MARC21/slim">

  <leader>     nam a22     7a 4500</leader>
  <datafield tag="999" ind1=" " ind2=" ">
    <subfield code="c">259202</subfield>
    <subfield code="d">259202</subfield>
  </datafield>
  <controlfield tag="003">IT-MiCISF</controlfield>
  <controlfield tag="008">161216b        xxu||||| |||| 00| 0 eng d</controlfield>
  <datafield tag="020" ind1=" " ind2=" ">
    <subfield code="a">9788821596636</subfield>
  </datafield>
  <datafield tag="040" ind1=" " ind2=" ">
    <subfield code="c">IT-MiCISF</subfield>
  </datafield>
  <datafield tag="041" ind1=" " ind2=" ">
    <subfield code="a">it</subfield>
  </datafield>
  <datafield tag="100" ind1=" " ind2=" ">
    <subfield code="a">Boffi Pietro, Miglionico Lucia, Petracca Ciavarella G.</subfield>
    <subfield code="9">56071</subfield>
  </datafield>
  <datafield tag="245" ind1=" " ind2=" ">
    <subfield code="a">Cos'&#xE8; la pastorale familiare?</subfield>
    <subfield code="b">Contenuti, metodi ed esperienze</subfield>
  </datafield>
  <datafield tag="260" ind1=" " ind2=" ">
    <subfield code="a">Cinisello B. (MI)</subfield>
    <subfield code="b">San Paolo</subfield>
    <subfield code="c">2015</subfield>
  </datafield>
  <datafield tag="300" ind1=" " ind2=" ">
    <subfield code="a">pp, 166</subfield>
  </datafield>
  <datafield tag="500" ind1=" " ind2=" ">
    <subfield code="a">pastorale-familiare, storia, chiesa, operatori-pastorali, pastorale-prematrimoniale, cambiamento, gruppi-familiari</subfield>
  </datafield>
  <datafield tag="520" ind1=" " ind2=" ">
    <subfield code="a">Cos'&#xE8; la pastorale familiare? Quali sono le sue origini e i suoi contenuti? Come si articola concretamente nel vissuto quotidiano delle nostre comunit&#xE0;? Quali presupposti, quali attenzioni richiede perch&#xE9; raggiunga veramente il suo scopo, e cio&#xE8; mettere la famiglia al centro della vita delle nostre parrocchie? Il volume tenta di rispondere a queste domande. Nella prima parte si presenta quindi la genesi stessa della pastorale familiare, per seguirne poi lo sviluppo fino alle istanze pi&#xF9; recenti, quelle che hanno portato papa Francesco a indire i due Sinodi. Nella seconda, di taglio pratico-operativo, si delineano  ambiti di azione, modalit&#xE0; operative, strutture e competenze che sono da un lato necessarie e dall'altro auspicabili perch&#xE9; la cura e l'accompagnamento della famiglia non resti una bella espressione nei documenti dei vescovi, ma diventi una realt&#xE0; vicina agli uomini di oggi.</subfield>
  </datafield>
  <datafield tag="650" ind1=" " ind2=" ">
    <subfield code="a">pastorale-familiare</subfield>
    <subfield code="9">56039</subfield>
  </datafield>
  <datafield tag="654" ind1=" " ind2=" ">
    <subfield code="a">saggio</subfield>
  </datafield>
  <datafield tag="942" ind1=" " ind2=" ">
    <subfield code="2">ddc</subfield>
    <subfield code="c">BK</subfield>
  </datafield>
  <datafield tag="952" ind1=" " ind2=" ">
    <subfield code="0">0</subfield>
    <subfield code="1">0</subfield>
    <subfield code="2">ddc</subfield>
    <subfield code="4">0</subfield>
    <subfield code="6">A_2153_000000000000000</subfield>
    <subfield code="7">1</subfield>
    <subfield code="a">CISF</subfield>
    <subfield code="b">CISF</subfield>
    <subfield code="d">2016-12-16</subfield>
    <subfield code="l">0</subfield>
    <subfield code="o">a2153</subfield>
    <subfield code="p">9788821596636</subfield>
    <subfield code="r">2016-12-16 00:00:00</subfield>
    <subfield code="w">2016-12-16</subfield>
    <subfield code="y">BK</subfield>
  </datafield>
</record>
